000
00330nam a22001457a 4500
008
240318b ||||| |||| 00| 0 eng d
020
_a
9780073132778
041
_a
eng
080
_2
2005
_a
101
082
_a
101PEN
100
_a
44
101
_a
FILOZOFI
245
_a
THE ELEMENTS OF BIOETHICS
_c
GREGORY E.P
942
_2
udc
_c
BK
999
_c
60612
_d
60612